|
|
|
|
| LEADER |
00000nam0a2200000 4500 |
| 001 |
282657 |
| 005 |
20231101235523.0 |
| 035 |
|
|
|a (RuTPU)RU\TPU\book\306600
|
| 090 |
|
|
|a 282657
|
| 100 |
|
|
|a 20150202d1984 m y0rusy50 ca
|
| 101 |
0 |
|
|a rus
|
| 102 |
|
|
|a RU
|
| 105 |
|
|
|a ac z 001zb
|
| 200 |
1 |
|
|a Николай Андреевич Римский-Корсаков. Очерк жизни и творчества
|
| 205 |
|
|
|a 3-е изд., перераб. и доп.
|
| 210 |
|
|
|a Москва
|c Музыка
|d 1984
|
| 215 |
|
|
|a 400 с.
|c ил.
|
| 225 |
1 |
|
|a Классики мировой музыкальной культуры
|
| 320 |
|
|
|a Библиогр.: с. 385-393
|
| 320 |
|
|
|a Указатель имен: с. 394-398
|
| 600 |
|
1 |
|a Римский-Корсаков
|b Н. А.
|c русский композитор
|f 1844-1908
|g Николай Андреевич
|2 stltpush
|3 (RuTPU)RU\TPU\pers\11060
|9 2435
|
| 606 |
1 |
|
|a Композиторы
|2 stltpush
|3 (RuTPU)RU\TPU\subj\15032
|9 41330
|
| 610 |
1 |
|
|a музыка
|
| 610 |
1 |
|
|a музыкальная культура
|
| 610 |
1 |
|
|a музыканты
|
| 610 |
1 |
|
|a Россия
|
| 610 |
1 |
|
|a история
|
| 610 |
1 |
|
|a 19 век
|
| 610 |
1 |
|
|a биографии
|
| 610 |
1 |
|
|a музыкальные произведения
|
| 675 |
|
|
|a 78.071.1
|v 3
|
| 700 |
|
1 |
|a Соловцов
|b А. А.
|g Анатолий Александрович
|
| 801 |
|
1 |
|a RU
|b 63413507
|c 20150202
|
| 801 |
|
2 |
|a RU
|b 63413507
|c 20170724
|g RCR
|
| 942 |
|
|
|c BK
|